000 00616nam a22002177a 4500
003 UA-OsUOA
001 130153
007 ta
008 20180411b un ||||| |||| 00| 0 ukr d
100 _aГерасим Я.
090 _a82
_bГ37
942 _cSA
040 _aUA-OsUOA
_bukr
_cUA-OsUOA
_dUA-OsUOA
245 _aЕтноестетичні виміри культурологічної концепції Євгена Маланюка
300 _aС.5-11
955 _a0
041 _aukr
080 _a82
773 0 _w130152
650 7 _a82 Література. Літературознавство
_2UDC
999 _c418144
_d418144